|
|
|
|
| LEADER |
00000nab a2200000 a 4500 |
| 001 |
vtls000548913 |
| 003 |
SK-MaSNL |
| 005 |
20260304095340.0 |
| 008 |
250425c1995 xo 0 slo |
| 015 |
|
|
|a SNBRB19rr/mm-uuuuu
|
| 035 |
|
|
|a CL0549051
|
| 035 |
|
|
|a urn:nbn:sk:snk-ab30b7
|
| 035 |
|
|
|a (urnnbn)urn:nbn:sk:snk:ar-a04c72
|
| 035 |
|
|
|a (uuid)4e510cb9-83b2-414b-b1e3-742dcfbe7f59
|
| 040 |
|
|
|a SNKBUCL
|b slo
|c SNKBUCL
|e AACR2
|
| 041 |
0 |
|
|a slo
|
| 044 |
|
|
|a xo
|c SK
|
| 080 |
|
|
|a 336.722.145(437.6):336.732
|2 1981
|
| 080 |
|
|
|a 336.732
|2 1981
|
| 100 |
1 |
|
|a Klimešová, Elena
|4 aut
|9 9937
|
| 245 |
1 |
0 |
|a Stavebné sporenie vytvára zdroje na bývanie
|c Elena Klimešová
|
| 650 |
0 |
7 |
|a stavebné sporenie
|2 snkbucl
|9 2365
|
| 655 |
|
7 |
|a články z novín a časopisov
|2 snkbucl
|9 267496
|
| 773 |
0 |
|
|t Práca a sociálna politika
|g Roč. 3, č. 4 (1995), s. 23
|x 1210-5643
|
| 850 |
|
|
|a Slovenská národná knižnica
|
| 852 |
|
|
|a Slovenská národná knižnica
|
| 954 |
|
|
|a odborná, vedecká literatúra pôvodná (slovenská)
|2 lita
|
| 958 |
|
|
|a article27
|
| 958 |
|
|
|a RK
|
| 958 |
|
|
|a SK
|
| 958 |
|
|
|a OND
|
| 958 |
|
|
|a EUIPO
|
| 992 |
|
|
|a RBX
|
| 999 |
|
|
|c 2832239
|d 2834169
|